LDR 00827naa#a2200193#i#450# 001 EN\\bibl\119757 005 20260416115247.4 011 ## _a2308-8877 100 ## _a20260406b2026####ek#y0engy0150####ca 102 ## _aRU 200 1# _aCOMPARISON OF THE SOCIO-ECONOMIC CONDITION OF RURAL AREAS IN THE KRAS-NODAR KRAI WITH OTHER MUNICIPALITIES IN THE REGION _eJournal article 210 1# _aVoronezh _cFSBE Institution of Higher Education Voronezh State University of Forestry and Technologies named after G.F. Morozov _d2026 215 ## _a11 с. 608 ## _aJournal article _2local 675 ## _aЭкономика. Народное хозяйство. Экономические науки. 33 _z 700 #1 _aKukharenko _gAndrey Andreevich 700 #1 _aGayduk _gVladimir Ivanovich 700 #1 _aBunchikov _gOleg Nikolaevich 856 4# _aanni.editorum.ru _u